Ч. 1. Гл. 1-5; Деформации растяжения-сжатия, изгиба и кручения

Dades bibliogràfiques
Parent link:Деформации растяжения-сжатия, изгиба и кручения: учебное пособие/ Ю. Б. Гольдштейн; Петрозаводский государственный университет (ПетрГУ). Ч. 1. Гл. 1-5.— , 1994-
Idioma:rus
Publicat: 1994
Matèries:
Format: Llibre
KOHA link:https://koha.lib.tpu.ru/cgi-bin/koha/opac-detail.pl?biblionumber=185588

MARC

LEADER 00000nam2a2200000 4500
001 185588
005 20231031173026.0
010 |a 5230090200 
035 |a (RuTPU)RU\TPU\book\201308 
090 |a 185588 
100 |a 20101012d1994 m y0rusy50 ca 
101 0 |a rus 
102 |a RU 
105 |a a j 000zy 
200 0 |a Ч. 1. Гл. 1-5 
210 |d 1994 
215 |a 100 с.  |c ил. 
461 1 |0 (RuTPU)RU\TPU\book\206289  |t Деформации растяжения-сжатия, изгиба и кручения  |o учебное пособие  |o в 2 ч.  |f Ю. Б. Гольдштейн  |g Петрозаводский государственный университет (ПетрГУ)  |v Ч. 1. Гл. 1-5  |d 1994- 
610 1 |a деформации 
610 1 |a изгиб 
610 1 |a тела 
610 1 |a растяжение-сжатие 
610 1 |a упругие твердые тела 
610 1 |a энергетические свойства 
610 1 |a кручение 
801 1 |a RU  |b 63413507  |c 20101012 
801 2 |a RU  |b 63413507  |c 20101228  |g RCR 
942 |c BK